Normal view
MARC view
- البراجماتية-فلسفة-التقدم
Entry Topical Term
001 - CONTROL NUMBER
- control field: 37981
003 - CONTROL NUMBER IDENTIFIER
- control field: JO-AjAnu
005 - DATE AND TIME OF LATEST TRANSACTION
- control field: 20230606080329.0
008 - FIXED-LENGTH DATA ELEMENTS
- fixed length control field: 230606|| aca||aabn | a|a d
040 ## - CATALOGING SOURCE
- Original cataloging agency: JO-AjAnu
- Transcribing agency: JO-AjAnu
150 ## - HEADING--TOPICAL TERM
- Topical term or geographic name entry element: البراجماتية-فلسفة-التقدم
670 ## - SOURCE DATA FOUND
- Source citation: Work cat.: (JO-AjAnu)19486: مارسيل، دايفد.و ؛ المنصوري، خالد مترجم, author 37980, فلسفة التقدم :جيمس ديوي بيرد وفكرة التقدم الأمريكية